000 01553cad a22002655a 4500
001 L140698
008 060213e20071004xxka f 000 0 eng u
035 _a(Sirsi) u140698
041 0 _aeng
050 0 4 _a711.1 $2 18
110 1 _aUnited Kingdom
_bOffice of the Deputy Prime Minister: Gypsy and Traveller Unit
_94880
245 0 0 _aGuide to effective use of enforcement powers
_bpart 2 - unauthorised development of caravan sites
_h[electronic resource]
260 _aLondon
_bDCLG
_c2007
520 _aDescribes how the planning enforcement system may be used to counter the locating of caravans in places not authorised by planning control. The guidance is aimed at local Planning Enforcement Officers, elected members of local planning authorities and interested members of the public. Provides an overview on how to use the system together with tips on good practice. Refers to other sources for information on the specifics of the legislation.
590 _aKA NTK
650 2 4 _aCIVIL PROCEDURE RULES PART 55
650 2 4 _aCRIMINAL JUSTICE AND PUBLIC ORDER ACT 1994
650 2 4 _aTOWN AND COUNTRY PLANNING ACT 1990
650 2 4 _aPLANNING AND COMPENSATION ACT 1991
650 2 4 _aPLANNING AND COMPULSORY PURCHASE ACT 2004
651 4 _aUnited Kingdom
_y
690 _aENVIRONMENTAL AND LAND CONSULTANCY-PLANNING AND DEVELOPMENT-DEVELOPMENT CONTROL-PLANNING ENFORCEMENT
856 4 0 _uhttps://www.communities.gov.uk/documents/housing/pdf/unauthoriseddevelopments.pdf
_zView the guidance free of charge at www.dclg.gov.uk...
942 _n0
999 _c107532
_d107532